| 000 | 00997nam a2200265 i 4500 | ||
|---|---|---|---|
| 001 | 186495 | ||
| 003 | SpMaBN | ||
| 005 | 20250905102002.0 | ||
| 008 | 161118s1996 sp aco c |||| |dspa d | ||
| 020 | _a84-8026-059-9 | ||
| 080 | _a7 Zaj (064.3) | ||
| 110 | 2 |
_aZaj (Grupo artístico) _9161314 |
|
| 245 | 1 | 0 |
_aZaj _b: Museo Nacional Centro de Arte Reina Sofía, 23 de enero al 21 de marzo de 1996 : [exposición] / _c[comisario, José Antonio Sarmiento]. |
| 260 |
_a[Madrid] : _bMuseo Nacional Centro de Arte Reina Sofía, _c[1996] |
||
| 300 |
_a237 p. : _bil. col. y n., fot. ; _c29 cm. |
||
| 500 | _aCronologías. | ||
| 504 | _aBibliografía: p. 233-237. | ||
| 610 | 2 | 7 |
_aZaj (Grupo artístico)- _vExposiciones. _9161315 |
| 655 | 7 |
_2tgfbne _9193628 _aCatálogos de exposiciones |
|
| 700 | 1 |
_aSarmiento, José Antonio, _d1952- _9103828 |
|
| 710 | 2 |
_aMuseo Nacional Centro de Arte Reina Sofía _9147737 |
|
| 852 |
_aES-MaACL _jL-30839 |
||
| 942 | _2udc | ||
| 999 |
_c186495 _d186495 |
||